000 00749nam a2200217Ia 4500
003 GCL
005 20240530102557.0
008 140319s9999 xx 000 0 ara d
040 _aGCL /
_cGCL
082 0 4 _a415.1
_bز ج
100 1 _aزين كامل الخويسكى
245 1 0 _aالجملة الفعلية بسيطة وموسعة ( دراسة على شعر المتنبى ) /
_cزين كامل الخويسكى
260 _a[ الاسكندرية ] :
_bمؤسسة شباب الجامعة ،
_c1987
300 _a473 ص
650 0 4 _aالنحو
650 0 4 _aاللغة العربية
650 0 4 _aالافعال
650 0 4 _aالجملة الفعلية
700 1 _aمحمد مصطفى هدارة
_4تقديم
942 _2ddc
_cBK
999 _c33155
_d33155